Російсько-український словник (Запис № 328536)

МАРК-запис
000 -Лідер
fixed length control field 00636nam a22002537a 4500
003 - Ідентифікатор контрольного номера
control field UA-OsUOA
001 - Контрольний номер
control field 42397
007 - Фіксоване поле фізичного опису
fixed length control field ta
008 - Елементи даних фіксованої довжини – загальна інформація
fixed length control field 20061103b un ||||| |||| 00| 0 ukr d
090 ## - Локальний шифр розміщення
Класифікаційний індекс УДК (038)=161.1=161.2
Авторський знак (НП) Р75
040 ## - Джерело каталогізації
Агенція оригінальної каталогізації UA-OsUOA
Мова каталогізації ukr
Агенція, яка здійснювала перезапис UA-OsUOA
Агенція, яка здійснювала модифікацію UA-OsUOA
041 ## - Код мови
Код мови тексту/ звукової доріжки чи окремого заголовка (П) ukr
080 ## - Індекс Універсальної десяткової класифікації
Індекс Універсальної десяткової класифікації (УДК) (НП) (038)=161.1=161.2
100 ## - Основне введення – ім’я особи
Ім’я особи (НП) Анніна І.О.
245 ## - Відомості про назву
Назва (НП) Російсько-український словник
260 ## - Публікація, розповсюдження і т.п. (Вихідні дані)
Місце публікації, розповсюдження і т.п. (П) К.
Ім’я/ наймення видавництва, розповсюджувача і т.п. (П) Абрис
Дата публікації, розповсюдження і т.п. (П) 2003
300 ## - Фізичний опис
Обсяг 1424 с.
650 #7 - Додаткове предметне введення – тематичний термін
Джерело заголовка чи терміна UDC
700 ## - Додаткове введення – ім'я особи
Ім’я особи (НП) Горюшина Г.Н.
700 ## - Додаткове введення – ім'я особи
Ім’я особи (НП) Гнатюк І.С.
942 ## - Додаткові елементи входу (Коха)
Тип елемента Koha Книги
955 ## - Код типу видання за змістом
Код типу видання за змістом (НП) Наукові видання
Фонди
Стан вилучень Стан втрат Джерело класифікації або схеми стелажів Стан уражень Не для кредиту Постійне місце розташування Поточне розміщення Дата придбання Джерело придбання Вартість, звичайна ціна покупки Інвентарний номер Усього замовленно Повний номер виклику Штрих-код Дата останнього перегляду Ціна ефективна від Тип елемента Koha Дата останньої перевірки Перевірено
    Universal Decimal Classification     ЧЗ - Читальна зала АБ - Абонемент НБ 03/11/2006 112/2006 79.38 100241 1 (038)=161.1=161.2 Р75 100241 24/07/2019 03/11/2006 Книги 24/07/2019 22/10/2019
    Universal Decimal Classification     АБ - Абонемент НБ АБ - Абонемент НБ 03/11/2006 112/2006 79.38 100242   (038)=161.1=161.2 Р75 100242 12/01/2022 03/11/2006 Книги    
    Universal Decimal Classification     АБ - Абонемент НБ АБ - Абонемент НБ 03/11/2006 112/2006 79.38 100243   (038)=161.1=161.2 Р75 100243 12/01/2022 03/11/2006 Книги    
    Universal Decimal Classification     АБ - Абонемент НБ АБ - Абонемент НБ 03/11/2006 112/2006 79.38 100244   (038)=161.1=161.2 Р75 100244 12/01/2022 03/11/2006 Книги    
    Universal Decimal Classification     АБ - Абонемент НБ АБ - Абонемент НБ 03/11/2006 112/2006 79.38 100245   (038)=161.1=161.2 Р75 100245 12/01/2022 03/11/2006 Книги    
    Universal Decimal Classification     АБ - Абонемент НБ АБ - Абонемент НБ 03/11/2006 112/2006 79.38 100246   (038)=161.1=161.2 Р75 100246 12/01/2022 03/11/2006 Книги    
    Universal Decimal Classification     АБ - Абонемент НБ АБ - Абонемент НБ 03/11/2006 112/2006 79.38 100247   (038)=161.1=161.2 Р75 100247 12/01/2022 03/11/2006 Книги    
    Universal Decimal Classification     АБ - Абонемент НБ АБ - Абонемент НБ 03/11/2006 112/2006 79.38 100248   (038)=161.1=161.2 Р75 100248 12/01/2022 03/11/2006 Книги    
    Universal Decimal Classification     ЧЗ - Читальна зала ЧЗ - Читальна зала 03/11/2006 112/2006 79.38 100239   (038)=161.1=161.2 Р75 100239 11/02/2022 03/11/2006 Книги    
    Universal Decimal Classification     ЧЗ - Читальна зала ЧЗ - Читальна зала 03/11/2006 112/2006 79.38 100240 1 (038)=161.1=161.2 Р75 100240 15/09/2024 03/11/2006 Книги 15/09/2024